| 000 | 00747nam a22002177a 4500 | ||
|---|---|---|---|
| 003 | UUm | ||
| 005 | 20140310181722.0 | ||
| 008 | 130306t xxu||||| |||| 00| 0 eng d | ||
| 020 | _a0750663685 (pbk.) | ||
| 050 |
_aHD 30.28 _b.W256 2005 |
||
| 082 |
_aIB 658.4012 _bW21 2005 |
||
| 100 | _aWard, Keith. | ||
| 245 |
_aDesigning world class corporate strategies : _bvalue-creating roles for corporate centres / _cKeith Ward, Cliff Bowman and Andrew Kakabadse. |
||
| 260 |
_aAmsterdam, Boston: _bElsevier Butterworth-Heinemann, _c2005. |
||
| 300 |
_axii, 299 p. : _bill. ; _c25 cm. |
||
| 650 | _aCorporations (Strategic management). | ||
| 650 | _aStrategic planning | ||
| 650 | _aInternational Baccalaureate. | ||
| 942 |
_2lcc _cBK |
||
| 999 |
_c2030 _d2030 |
||